Quizzes
Events
Quiz Creation
Community
Videos
Private Events
Remove Ads
Sign In
Join for FREE
Feedback
Dark Mode
Quiz Categories
Sports
Geography
Music
Movies
Television
Just For Fun
Miscellaneous
History
Literature
Language
Science
Gaming
Entertainment
Religion
Holiday
For Kids
Quiz Lab
Recent
Popular Today
Quiz Kudos Today
Editor Picks
Curator Picks
Quizzes by...
Day
Popularity
Type
Ratings
Length
Year
Community
Subscriptions
Recent Discussions
Orange Saloon
Badges
Playlists
Quests
Create
Leaderboards
Showdown
Live 5
Trivia Bingo
Activity
Puzzle Library
Sporcle Events
Private Events
Virtual Trivia
Globe League
Become a Host
Pub Owners
SporcleCon
Opinionation
Our Games
Videos
Blog
Mobile Apps
Partnerships
Remove Ads and Go Orange
Feedback
Music
Pop Music
The Beatles
Song
Album
Lyrics
Bands
Singers
Artist
Clip
Rock
Rap
Classical
Billboard
Country Music
Kpop
Taylor Swift
Music
Pop Music
The Beatles
Song
Album
Lyrics
Bands
Singers
Artist
Clip
Rock
Rap
Classical
Billboard
Country Music
Kpop
Taylor Swift
Random Quiz
Search Sporcle
×
Quiz Lab
Quiz Lab
Music
Song
Type in answers that appear in a list
Type in answers that appear in a list
Classic
Best Score? Go Orange.
Name The Beatles Songs(I AM THE WALRUS) Stats
Can you name the Beatle Songs(ONLY FOR TRUE FANS)?
By
NeEd4SpEeD
10m
50 Questions
2,694 Plays
2,694 Plays
2,694 Plays
Comments
Comments
Give Quiz Kudos
Give Quiz Kudos
-
- Ratings
hide this ad
Random Order
Randomize order of answers
Randomize order of answers
Replay
Link that replays current quiz
Next Quiz
Link to next quiz in quiz playlist
You Got
0%
They Got
Avg Score
62%
Avg Friend Score
Upgrade to see
Score Distribution
Jump to the score distribution portion of the page
Score
0/50
Timer
10:00
0
Plays Today
Lyrics
% Correct
In the town where I was born, lived a man who sailed to sea
Yellow Submarine
82.8%
When I find myself in times of trouble mother Mary comes to me
Let it Be
82.5%
Picture Yourself in a boat on a river
Lucy In The Sky With Diamonds
80.4%
All my troubles seemed so far, now it seems as though they're here to stay
Yesterday
80.2%
Well shake it up baby now! (shake it up baby), _
_
_
_
& _
_
_
_
_
Twist and Shout
79.5%
Here come old flatop here comes groovin' up slowly
Come Together
79.3%
All the lonely people, where do they all come from?
Eleanor Rigby
79.1%
Flew in from Miami beach BOAC, didn't get to bed last night
Back In the U.S.S.R
78.5%
Jojo was a man who thought he was a loner
Get Back
77.5%
I'd like to be under the sea in an _
_
_
_
_
_
_
_
's _
_
_
_
_
_
_
_
Octopus's Garden
76.3%
There's nothing you can do that can't be done
All You Need Is Love
75.5%
When I was younger so much younger than today
Help
75.3%
Little darling, it's been a long, cold, lonely winter
Here Comes the Sun
75.3%
I'll buy you a diamond ring, my friend, if it makes you feel alright
Can't Buy Me Love
74.6%
You were made to go out and get her
Hey Jude
74.2%
I read the news today, oh boy
A Day In The Life
73.5%
It was 20 years ago today, _
_
_
_
_
_
_
_
_
_
_
taught the band to play
Sgt. Peppers' Lonely Hearts Club Band
72.6%
When I get to the bottom, I go back to the top of the slide
Helter Skelter
72.3%
oooohhh I need your love babe yes you know it's true hope you need my love babe just like I need you
Eight Days a Week
71.7%
Well she was just 17, yeah you know what I mean
I Saw Her Standing There
71.7%
I think im gonna be sad I think its today
Ticket To Ride
69.7%
_
_
_
_
_
_
_
_
, These are words that go together well
Michelle
69%
With a love like that you know you should be glad
She Loves You
68.4%
Doesn't have a point of view, doesn't know where he's going to
Nowhere Man
67.5%
Is there anybody there to my story, all about the : : who came to stay
Girl
67.2%
Lyrics
% Correct
Baby's good you know shes happy as can be you know she said so
I Feel Fine
65.8%
I look at you all see the love there thats sleeping
While My Guitar Gently Weeps
63.2%
Last night I said these words to my girl...
Please Please Me
61.9%
Should 5% appear too small? (_
_
_
_
_
_
!)
Taxman
60.4%
Once there was a way to get back homeward, once there was a way to get back home, sleep little darling do not cry.
Golden Slumber
58.3%
I'll Always be true so please _
_
_
_
_
_
_
_
_
_
_
_
_
_
_
_
_
Love Me Do
55.7%
Are you gonna be in my dreams tonight(Ringo's drum solo)
The End
54.4%
Bang Bang_
_
_
_
_
_
_
_
_
_
_
_
_
_
_
_
_
_
_
_
_
_
_
_
_
_
Maxwell's Silver Hammer
53%
I wanna tell her how I love her alot, but I gotta get a belly full of wine...
Her Majesty
52.2%
His sister Pam, works in the shop she never stops...
Mean Mr. Mustard
52.2%
If there's a letter in your bag for me...
Please Mr. Postman
50.2%
But in the middle of negotiations, you break down(1, 2, 3, 4, 5, 6, 7 All Good Children Go To Heaven)
You Never Give Me Your Money
49.5%
Nobody ever loved me like she done oooh she done me...
Don't Let Me Down
49.3%
Quando paramucho mi amore de felice corazon
Sun King
47.5%
Cranberry sauce(I Buried Paul :))
Strawberry Fields Forever
46.4%
I'll give her all my love that's all I do
And I Love Her
46.3%
Love you like no other baby like no other can
I wanna Be Your Man
46.1%
Your lips are moving, I cannot hear...
I'm Looking Through You
44%
Love is all/
old love is new
Because
42.8%
You'll let me be your man and please say to me...
I Wanna Hold Your Hand
42.1%
Tell me that you've got everything you want...
And Your Bird Can Sing
42%
Silly people standing, who disagree and never will, wonder why they don't get in my door
Fixing a Hole
41.3%
Everybody had a hard year, everybody had a good time..
I've Got A Feeling
38.6%
All through the day_
_
_
_
_
_
_
_
_
_
_
_
_
_
_
_
_
I Me Mine
38.4%
There will be as show tonight of trampolines
The Benefit Of Mr. Kite
27%
Quiz Playlist
Details
Report
Send in Message
Add To Playlist
Classic:
Type in answers that appear in a list
Random Order:
Randomize order of answers
Quiz Source
Last Updated: Mar 16, 2017
Quiz Scoreboard
CHALLENGE
Sign Up to Join the Scoreboard
Show All
Scores
Hide
Comments
May contain spoilers
Recently Published
NBA Finals Game Top Scorers (2010s)
by flibbidy
Sports
5m
Guess the 'R' Things in 3 Words
by MSUKent
Miscellaneous
3m
Actor to Badly Drawn Movie III
by MoMosMoProblems
Movies
5m
More to Explore
Quiz From the Vault
Featured Blog Post
Where Does Lost Luggage Go?
hide this ad
You Might Also Like...
Tags
Lyrics Quiz
Song Quiz
The Beatles Quiz
fan
Walrus
Today's Top Quizzes in Music
Browse Music
hide this ad
Today's Top Quizzes in Song
Browse Song
Top Contributed Quizzes in Music
1
Taylor Swift All Songs (2024)
2
Image Sorting: Rock Albums II
3
Image Sorting: Rock Albums III
4
Image Sorting: Rock Albums IV
5
Image Sorting: Rock Albums V
6
Image Sorting: Rock Albums VI
7
Taylor Swift Logic Puzzle
8
Adjectives in 80s Songs
9
Image Sorting: Album Titles
10
Nickname Match: Musicians
Explore More
Trending Topics
Crossword
Anime
Harry Potter
Marvel
NBA
Disney
Kpop
Song
Puzzle
WWE
Soccer
NFL
The Office
Pokémon
Country
hide this ad
More By:
NeEd4SpEeD
Quiz
Plays
Rating
Category
Featured
Created
Name The Beatles Songs(I AM THE WALRUS)
2,694
1.75
Music
Jan 19, 2010
Go to Creator's Profile
Score Distribution
Quiz Creator Spotlight
NeEd4SpEeD
Follow
Send a Message
Quizzes Created
-
Created Quiz Play Count
-
More By This Creator
Popular Quizzes Today
1
Find the US States - No Outlines Minefield
2
Find the US States
3
The Countries of the World
4
10 Largest US States in Order
5
Find the Countries of Europe - No Outlines Minefield
6
US States
7
Guess the 'R' Things in 3 Words
8
NBA Finals Game Top Scorers (2010s)
More Music Quizzes
Who Is That with Dick Clark?
Published
Trending Quizzes
First Name TV: Leading Men
Match the Book to the Film II
First Name TV: Leading Women Drama
Pick A Pair: Religious TV
Match the Book to the Film VI
Recently Updated
Women's Final Four Teams by Year
bhenderson79
Presidents Quartet II
eogle
Anything But Clue(do)
eogle
Anything But Oceanian Capitals
eogle
Anything But 7
eogle
Anything But Thing
eogle
Word Ladder: February 29
pecheneg
Song Title Questions
pecheneg
Women's NCAA Tournament #1 Seeds
pecheneg
Celebrity Mug Shots
pecheneg
Trending Topics
Anime
Marvel
Crossword
NBA
Disney
Harry Potter
Kpop
WWE
NFL
Country
Pokémon
The Office
Puzzle
Soccer
Song
Your Account Isn't Verified!
In order to create a playlist on Sporcle, you need to verify the email address you used during registration. Go to your
Sporcle Settings
to finish the process.
Report this User
Report this user for behavior that violates our
Community Guidelines
.
Details:
Send Report
Go to the Sporcle.com Mobile Site →
Comments